000 01811nam a2200529 i 4500
001 42456
003 KOSZ 005
005 20220222144850.0
008 010607s2000 pl a |000 0 pol
015 _aUWD 2001/12213
035 _a991016239669705066
035 _a(PL-WaBN)b14364669-48omnis_nlop
035 _ab14364669
035 _a(OCoLC)749490120
035 _a(PL)b0000001436466
035 _a(EXLNZ-48OMNIS_NETWORK)9910296941305606
040 _aWA N
_cWA N
_dKOSZ 005/HR
041 0 _apol
_beng
046 _k2000
080 _a72.03(091)
080 _a72.01
080 _a111.852
100 1 _aWłodarczyk, Janusz Andrzej
_d(1932-2015)
_eAutor
245 1 0 _aOblicza architektury :
_bpróby /
_cJanusz Andrzej Włodarczyk.
260 _aBiałystok :
_bDział Wydawnictw i Poligrafii PB,
_c2000.
300 _a221, [1] s. :
_bil., mapy ;
_c24 cm.
336 _aTekst
_btxt
_2rdacontent
337 _aBez urządzenia pośredniczącego
_bn
_2rdamedia
338 _aWolumin
_bnc
_2rdacarrier
380 _aKsiążki
380 _aPublikacje naukowe
388 _a1901-2000
388 _a1989-2000
490 1 _aRozprawy Naukowe / Politechnika Białostocka,
_x0867-096X ;
_vnr 73
500 _aNa okł. aut.: Janusz A. Włodarczyk.
504 _aBibliogr.
546 _aStreszcz. ang.
650 7 _aStyle architektoniczne
_2DBN
650 7 _aTeoria architektury
_2DBN
650 7 _aEstetyka
658 _aArchitektura i budownictwo
710 2 _aOficyna Wydawnicza Politechniki Białostockiej
_4pbl
830 0 _aRozprawy Naukowe - Politechnika Białostocka
_vnr 73
856 _uhttp://koha.tu.koszalin.pl/cgi-bin/koha/opac-detail.pl?biblionumber=42456
_yKatalog online BPK
942 _2UKD
_cKS
999 _c42456
_d42456